000 01142nam a22002777i 4500
003 EG-ScBUE
005 20240523121953.0
008 220731s2022 ua f 000 0bara d
017 _a2022 / 23111
020 _a9789779438696
040 _aEG-ScBUE
_bara
_erda
_cEG-ScBUE
_dEG-ScBUE
043 _af-ua---
082 0 4 _222
_a347.62014
_bق ا ض
100 1 _aأبو زيد، جلال،
_eمؤلف.
245 1 0 _aقراءة في مؤلفات خالد القاضي :
_b50 كتابا خلال 30 عاما /
_cأ. د. جلال أبو زيد، أستاذ الأدب والنقد بكلية الألسن جامعة عين شمس.
264 1 _aالقاهرة :
_bدار الأهرام للنشر والتوزيع والإصدارات القانونية،
_c2022.
300 _a335 صفحة ؛
_c24 سم
336 _2rdacontent
_aنص
_btxt
337 _2rdamedia
_aبدون وسيط
_bn
338 _2rdacarrier
_aمجلد
_bnc
541 _cDonation ;
_aProf. Hassan Abdel Hamid.
600 1 7 _aقاضي، خالد محمد،
_d1967-
650 7 _a‪القضاة المصريون
_vتراجم.
_2BUEsh
655 _vReading book
942 _2ddc
999 _c30760
_d30731